000 00599nam a2200217Ia 4500
008 160517s9999 xx 000 0 und d
050 _aRA 440
050 _b.B786 2016
100 _aBowen, Fides.
245 _aWhen grandparent become parents /
245 _cFides Bowen, Maria Karmela Reena S. Lindo, Yuuki R. Yamamoto.
260 _aLas PiƱas, Philippines :
260 _bSISC,
260 _c2016.
300 _a230 pages :
300 _billustrations ;
300 _c28 cm.
500 _aIncludes bibliographical references and appendices.
521 _aNursing
942 _cTH
999 _c293883
_d293883